00417cam a22001452 4500001001100000005001700011008004100028020002600069040001500095100003300110245004000143260005000183300001100233650002700244000000010920151217151744.0070110s xx 000 0 eng d a1873796684 :cKES 700 aKABUcKABU1 aMarshall, David.@000014811610aOccult explosion /cDavid Marshall. aLincolnshire, England :bAutumn House,c1997. a154 p. 0aOccultism.@0000148117